Najmniejsze Państwa Według Kategorii - Statystyki

Ogólne statystyki
  • Ten quiz został rozwiązany 274 razy
    149 od ostatniego zresetowania
  • Średni wynik to 5 z 11
Statystyki odpowiedzi
Najmniejszy kraj... Państwo % Poprawnych
W Europie Watykan
99%
Na świecie Watykan
98%
W Oceanii Nauru
74%
W Ameryce Północnej Saint Kitts i Nevis
54%
W Afryce Seszele
51%
W Azji Malediwy
46%
Które graniczy z Zatoką Gwinejską Wyspy Świętego Tomasza i Książęca
22%
Który brał udział w mistrzostwach Świata w piłce nożnej kATAR
18%
Który posiada granicę lądową z conajmniej 4 krajami Kosowo
11%
Który ma kolor zielony na fladze San Marino
10%
Którego stolica nie jest najludniejszym miastem (PODPOWIEDŹ: jest to państwo wyspiarskie) Wyspy Marshalla
8%
Nie znaleziono quizów pasujących do podanych kryteriów
Rozkład punktacji
Procent ludzi z każdym wynikiem
Percentyl według liczby udzielonych odpowiedzi
Twoja historia wyników
Nie rozwiązałeś tego quizu od ostatniego zresetowania